les musiques dans 17 - Statistiques

Statistiques générales
  • Ce quiz a été pris 4 fois
  • Le résultat moyen est 3 sur 11
Statistiques - réponses
Hint Réponse % Correct
8 Fuck Love
100%
4 Everybody Dies In Their Nightmares
50%
5 Revenge
50%
6 Save Me
50%
11 Ayala (Outro)
0%
9 Carry On
0%
7 Dead Inside (Interlude)
0%
3 Depression and Obsession
0%
2 Joycelin Flores
0%
10 Orlando
0%
1 The explaination
0%
Aucun quiz correspondant
Distribution des résultats
% des personnes avec chaque résultat
Percentile par nombre de réponses
Votre historique - résultats
Vous n’avez pas pris ce quiz